[Event "EU-chT Seniors 65"]
[Site "Dresden"]
[Date "2022.10.28"]
[Round "2.4"]
[White "Hietala, Pekka"]
[Black "Andersson, Finn"]
[Result "1-0"]
[WhiteElo "1955"]
[BlackElo "1712"]
[PlyCount "57"]
[EventDate "2022.10.27"]
[EventType "team-swiss"]
[EventRounds "9"]
[EventCountry "GER"]
[SourceTitle "EXT 2024"]
[Source "ChessBase"]
[SourceDate "2023.10.10"]
[SourceVersion "1"]
[SourceVersionDate "2023.10.10"]
[SourceQuality "1"]
[WhiteTeam "Finland 65"]
[BlackTeam "Denmark SK 2012 65"]
[WhiteTeamCountry "FIN"]
[BlackTeamCountry "DEN"]

1. c4 e6 2. e4 c5 3. Nf3 Nc6 4. d4 cxd4 5. Nxd4 Nxd4 6. Qxd4 Qc7 7. Nc3 a6 8. Be2 Ne7 9. Be3 Nc6 10. Qd2 Bb4 11. 0-0 0-0 12. Kh1 Qa5 13. Rac1 b5 14. a3 Bxc3 15. Rxc3 b4 16. axb4 Qxb4 17. Bh6 f6 18. Bf4 Ne5 19. Qc2 Bb7 20. Bd2 Bc6 21. f4 Nf7 22. Rg3 Qb7 23. Bd3 Rfd8 24. Bc3 e5 25. fxe5 Nxe5 26. Rxf6 Nxd3 27. Qxd3 Bxe4 28. Rxg7+ Kxg7 29. Qg3+ 1-0

[Event "DEN-ch Seniors 65"]
[Site "Aalborg"]
[Date "2022.02.23"]
[Round "4"]
[White "Nielsen, Bent K"]
[Black "Andersson, Finn"]
[Result "0-1"]
[WhiteElo "1163"]
[BlackElo "1767"]
[PlyCount "28"]
[EventDate "2022.02.20"]
[EventType "swiss"]
[EventRounds "7"]
[EventCountry "DEN"]
[SourceTitle "EXT 2024"]
[Source "ChessBase"]
[SourceDate "2023.10.10"]
[SourceVersion "1"]
[SourceVersionDate "2023.10.10"]
[SourceQuality "1"]

1. e4 c5 2. Nc3 Nc6 3. f4 g6 4. Bb5 Bg7 5. Nf3 Qb6 6. 0-0 Bxc3 7. Bc4 Bg7 8. Ng5 e6 9. f5 Nf6 10. fxe6 dxe6 11. Rxf6 Bxf6 12. d3 0-0 13. Qf3 Bxb2 14. Rb1 Bd4+ 0-1

[Event "DEN-ch Seniors 65"]
[Site "Aalborg"]
[Date "2022.02.22"]
[Round "3"]
[White "Andersson, Finn"]
[Black "Harders, Poul Erik"]
[Result "0-1"]
[WhiteElo "1767"]
[BlackElo "1530"]
[PlyCount "54"]
[EventDate "2022.02.20"]
[EventType "swiss"]
[EventRounds "7"]
[EventCountry "DEN"]
[SourceTitle "EXT 2024"]
[Source "ChessBase"]
[SourceDate "2023.10.10"]
[SourceVersion "1"]
[SourceVersionDate "2023.10.10"]
[SourceQuality "1"]

1. e4 c5 2. Nf3 a6 3. c4 Nc6 4. d4 cxd4 5. Nxd4 Nf6 6. Nc3 d6 7. Be2 g6 8. Be3 Bg7 9. Qd2 0-0 10. f4 Bd7 11. Nb3 Rc8 12. 0-0 Na5 13. Nxa5 Qxa5 14. Nd5 Qxd2 15. Nxe7+ Kh8 16. Bxd2 Rce8 17. Nd5 Nxe4 18. Be1 Bd4+ 19. Kh1 Bc6 20. Nc3 Nxc3 21. bxc3 Rxe2 22. cxd4 Bxg2+ 23. Kg1 Bxf1 24. Kxf1 Rxh2 25. d5 Re8 26. Bc3+ Kg8 27. Rb1 Rh1+ 0-1

[Event "EUR-chT Seniors 65"]
[Site "Prague"]
[Date "2021.09.06"]
[Round "8.4"]
[White "Lacha, Jan"]
[Black "Andersson, Finn"]
[Result "1/2-1/2"]
[WhiteElo "1825"]
[BlackElo "1796"]
[PlyCount "38"]
[EventDate "2021.08.30"]
[EventType "team-swiss"]
[EventRounds "9"]
[EventCountry "CZE"]
[SourceTitle "CBM 204 Extra"]
[Source "ChessBase"]
[SourceDate "2021.11.30"]
[SourceVersion "1"]
[SourceVersionDate "2021.11.30"]
[SourceQuality "1"]
[WhiteTeam "Oldest Boys 65"]
[BlackTeam "Denmark SK 2012"]
[WhiteTeamCountry "CZE"]
[BlackTeamCountry "DEN"]

1. e4 e6 2. d4 d5 3. Nc3 Nf6 4. Bg5 Bb4 5. e5 h6 6. exf6 hxg5 7. fxg7 Rg8 8. Qh5 Qf6 9. Nf3 Nc6 10. Bb5 Bd7 11. Bxc6 Bxc6 12. h4 gxh4 13. Ne5 Qxg7 14. Rxh4 0-0-0 15. Qe2 Rh8 16. Rxh8 Rxh8 17. 0-0-0 Bxc3 18. bxc3 Bd7 19. Nxd7 Kxd7 1/2-1/2

[Event "EUR-chT Seniors 65"]
[Site "Mali Losinj"]
[Date "2019.09.21"]
[Round "4.6"]
[White "Andersson, Finn"]
[Black "Durkan, Joe"]
[Result "1/2-1/2"]
[WhiteElo "1771"]
[BlackElo "1459"]
[PlyCount "62"]
[EventDate "2019.09.18"]
[EventType "team-swiss"]
[EventRounds "9"]
[EventCountry "CRO"]
[SourceTitle "EXT 2020"]
[Source "ChessBase"]
[SourceDate "2019.10.17"]
[SourceVersion "1"]
[SourceVersionDate "2019.10.17"]
[SourceQuality "1"]
[WhiteTeam "Denmark SK 2012 65"]
[BlackTeam "Ireland 65"]
[WhiteTeamCountry "DEN"]
[BlackTeamCountry "IRL"]

1. e4 e5 2. Nf3 Nc6 3. d4 exd4 4. Nxd4 Ne5 5. f4 Ng6 6. Bc4 c6 7. Qe2 Bc5 8. Bxf7+ Kxf7 9. Qc4+ d5 10. Qxc5 Nf6 11. e5 Ne4 12. Qa3 Qh4+ 13. g3 Qh3 14. Qf3 Bg4 15. Qf1 Qh5 16. Nd2 Bh3 17. Qf3 Bg4 18. Qe3 c5 19. Nxe4 cxd4 20. Nd6+ Ke6 21. Qxd4 Rhf8 22. Nxb7 Bf3 23. Nc5+ Ke7 24. 0-0 Nh4 25. Qf2 Qg4 26. Re1 Bd1 27. Re3 Nf3+ 28. Rxf3 Bxf3 29. Nb3 Rfc8 30. Be3 Be4 31. Nd4 Rc4 1/2-1/2

[Event "EUR-chT Seniors 65"]
[Site "Mali Losinj"]
[Date "2019.09.20"]
[Round "3.7"]
[White "Andersson, Finn"]
[Black "Palsson, Bertil"]
[Result "1-0"]
[WhiteElo "1771"]
[BlackElo "1784"]
[PlyCount "77"]
[EventDate "2019.09.18"]
[EventType "team-swiss"]
[EventRounds "9"]
[EventCountry "CRO"]
[SourceTitle "EXT 2020"]
[Source "ChessBase"]
[SourceDate "2019.10.17"]
[SourceVersion "1"]
[SourceVersionDate "2019.10.17"]
[SourceQuality "1"]
[WhiteTeam "Denmark SK 2012 65"]
[BlackTeam "Sweden 65 III"]
[WhiteTeamCountry "DEN"]
[BlackTeamCountry "SWE"]

1. e4 d5 2. exd5 Nf6 3. Nc3 Nxd5 4. Nxd5 Qxd5 5. Qf3 Qxf3 6. Nxf3 c5 7. d4 Bf5 8. c3 cxd4 9. Nxd4 Bd7 10. Bd3 e5 11. Nb5 Na6 12. 0-0 Bc5 13. b4 Be7 14. f4 exf4 15. Re1 Be6 16. Bxf4 0-0 17. Be4 Rad8 18. Bxb7 Nb8 19. Nd4 Bf6 20. Be5 Bg5 21. Nxe6 fxe6 22. Bd4 Rd7 23. Bf3 Re8 24. b5 Bf6 25. Rad1 e5 26. Bc5 e4 27. Rxd7 Nxd7 28. Bb4 Ne5 29. Bxe4 Kh8 30. Rd1 g6 31. a4 Kg7 32. a5 Nc4 33. Bc6 Re2 34. Bf3 Rc2 35. Rd7+ Kh6 36. Bf8+ Kg5 37. Rd5+ Kf4 38. Bh6+ g5 39. h3 1-0

[Event "DEN-ch Seniors 65+"]
[Site "Logumkloster"]
[Date "2017.02.16"]
[Round "5"]
[White "Baagoe, Hans Chr"]
[Black "Andersson, Finn"]
[Result "1-0"]
[WhiteElo "1566"]
[BlackElo "1780"]
[PlyCount "105"]
[EventDate "2017.02.12"]
[EventType "swiss"]
[EventRounds "7"]
[EventCountry "DEN"]
[SourceTitle "EXT 2018"]
[Source "ChessBase"]
[SourceDate "2017.10.13"]
[SourceVersion "1"]
[SourceVersionDate "2017.10.13"]
[SourceQuality "1"]

1. d4 e6 2. c4 Nf6 3. Nc3 c5 4. Nf3 d5 5. cxd5 Nxd5 6. e3 Nc6 7. Bb5 Bd7 8. Nxd5 exd5 9. 0-0 cxd4 10. Bxc6 bxc6 11. Qxd4 f6 12. a3 Qc7 13. b4 Rb8 14. Bb2 Be7 15. Rac1 0-0 16. Qxd5+ Kh8 17. Nd4 Bd6 18. Nxc6 Bxh2+ 19. Kh1 Qb7 20. Ne7 Qxd5 21. Nxd5 Bd6 22. Rfd1 Ba4 23. Rd2 Rbd8 24. Nf4 Rfe8 25. Nh5 Kg8 26. Bxf6 gxf6 27. Nxf6+ Kf7 28. Nxe8 Kxe8 29. Rd4 Ke7 30. Rh4 Rh8 31. Rcc4 Bb3 32. Rce4+ Kf7 33. Rd4 Be7 34. Rdf4+ Ke6 35. Rh6+ Kd7 36. Ra6 Ra8 37. b5 Bc5 38. a4 Rg8 39. g3 Rg7 40. Rf5 Bb6 41. a5 Be6 42. axb6 axb6 43. Ra7+ Kd6 44. Rxg7 Bxf5 45. f3 Bg6 46. Kg1 Kc5 47. Kf2 Kxb5 48. Ke2 Kb4 49. Kd2 b5 50. Kc1 Kb3 51. e4 b4 52. Kb1 Kc3 53. Rxg6 1-0

[Event "Wch Seniors 65 26th"]
[Site "Marianske Lazne"]
[Date "2016.11.28"]
[Round "9"]
[White "Andersson, Finn"]
[Black "Do Prado, Hamilton Mesquita"]
[Result "0-1"]
[WhiteElo "1833"]
[BlackElo "1672"]
[PlyCount "48"]
[EventDate "2016.11.19"]
[EventType "swiss"]
[EventRounds "11"]
[EventCountry "CZE"]
[SourceTitle "CBM 175 Extra"]
[Source "ChessBase"]
[SourceDate "2016.12.12"]
[SourceVersion "1"]
[SourceVersionDate "2016.12.12"]
[SourceQuality "1"]

1. e4 c5 2. Nf3 d6 3. d4 cxd4 4. Nxd4 Nf6 5. Nc3 a6 6. h3 Nc6 7. Be3 e6 8. Qd2 Qc7 9. g4 Bd7 10. g5 Nh5 11. Be2 g6 12. 0-0-0 Ne5 13. b3 Qa5 14. f4 Nc6 15. Bxh5 gxh5 16. Nxc6 Bxc6 17. Bd4 Rg8 18. Qe3 Bg7 19. Bxg7 Rxg7 20. Rxd6 Qa3+ 21. Kb1 Qxd6 22. Rd1 Qc7 23. Qd4 e5 24. fxe5 Rd8 0-1

[Event "DEN-ch Seniors 65"]
[Site "Randers"]
[Date "2015.02.13"]
[Round "7"]
[White "Jensen, Ruben"]
[Black "Andersson, Finn"]
[Result "0-1"]
[WhiteElo "1225"]
[BlackElo "1765"]
[PlyCount "42"]
[EventDate "2015.02.07"]
[EventType "swiss"]
[EventRounds "7"]
[EventCountry "DEN"]
[SourceTitle "EXT 2016"]
[Source "ChessBase"]
[SourceDate "2015.10.08"]
[SourceVersion "1"]
[SourceVersionDate "2015.10.08"]
[SourceQuality "1"]

1. d4 Nf6 2. Nf3 e6 3. a3 c5 4. dxc5 Bxc5 5. e3 0-0 6. Bd3 d5 7. 0-0 Nc6 8. Re1 e5 9. b4 Bd6 10. Bf1 e4 11. Nd4 Bxh2+ 12. Kxh2 Ng4+ 13. Kg1 Qh4 14. Qxg4 Qxg4 15. Bb2 Ne5 16. Nd2 Qh4 17. Ne2 Ng4 18. Be5 Qxf2+ 19. Kh1 Nxe5 20. Nb3 Qh4+ 21. Kg1 Ng4 0-1

[Event "DEN-ch Seniors 65"]
[Site "Randers"]
[Date "2015.02.08"]
[Round "2"]
[White "Hvenekilde, Jorgen"]
[Black "Andersson, Finn"]
[Result "1-0"]
[WhiteElo "2125"]
[BlackElo "1765"]
[PlyCount "39"]
[EventDate "2015.02.07"]
[EventType "swiss"]
[EventRounds "7"]
[EventCountry "DEN"]
[SourceTitle "EXT 2016"]
[Source "ChessBase"]
[SourceDate "2015.10.08"]
[SourceVersion "1"]
[SourceVersionDate "2015.10.08"]
[SourceQuality "1"]

1. e4 e6 2. d4 d5 3. e5 c5 4. Nf3 Nc6 5. Bd3 Bd7 6. 0-0 cxd4 7. Re1 Bc5 8. a3 a5 9. Nbd2 a4 10. Nf1 Nge7 11. Ng3 Ng6 12. Nh5 0-0 13. h4 Be7 14. Nxg7 Qc7 15. Nh5 Ncxe5 16. Nxe5 Nxe5 17. Bf4 Bd6 18. Rxe5 Bxe5 19. Qg4+ Kh8 20. Qg3 1-0